000 00824nmc a2200313 a 4500
003 AR-BaBNM
005 20251128205932.0
008 128019s1976 ||||||||||||||000 | spa||
020 _a84-7080-974-I
040 _cAR-BaBNM
100 1 _aBorbón-Parma, Carlos Hugo de
245 1 0 _aQué es el Carlismo
260 _aBarcelona
_bLa Gaya Ciencia
_c1976
300 0 _a79 p.
_bil., láms.
490 0 _aBiblioteca de divulgación política
650 4 _aHISTORIA POLITICA
650 4 _aDEMOCRACIA
650 4 _aHISTORIA SOCIAL
650 4 _aSIGLO DIECINUEVE
650 4 _aHISTORIA EUROPEA
650 4 _aMONARQUIA
650 4 _aSOCIALISMO
651 4 _aEspaña
653 0 _aHISTORIA ESPANOLA
800 1 _aRegás, Rosa
_edirector
800 1 _aRegás, Oriol
_edirector
942 _cBK
998 _cMariana
999 _c13374
_d13374